Antologia / (Registro nro. 858)
[ vista simple ]
| 000 -LEADER | |
|---|---|
| fixed length control field | 01089aam a2200301 a 4500 |
| 003 - CONTROL NUMBER IDENTIFIER | |
| control field | AR-RoUNCS |
| 005 - DATE AND TIME OF LATEST TRANSACTION | |
| control field | 20251217151848.0 |
| 008 - FIXED-LENGTH DATA ELEMENTS--GENERAL INFORMATION | |
| fixed length control field | 130919s1993 ag c gr 001 p spa |
| 015 ## - NATIONAL BIBLIOGRAPHY NUMBER | |
| National bibliography number | AR-1993 |
| 020 ## - INTERNATIONAL STANDARD BOOK NUMBER | |
| International Standard Book Number | 950-852-009-4 |
| 040 ## - CATALOGING SOURCE | |
| Original cataloging agency | AR-BaBN |
| Language of cataloging | spa |
| Transcribing agency | AR-RoUNCS |
| Description conventions | aacr |
| 044 ## - COUNTRY OF PUBLISHING/PRODUCING ENTITY CODE | |
| MARC country code | ag |
| ISO country code | ar-c |
| 080 0# - UNIVERSAL DECIMAL CLASSIFICATION NUMBER | |
| Universal Decimal Classification number | 82(728.5)-1 |
| Edition identifier | 2016 |
| 100 1# - MAIN ENTRY--PERSONAL NAME | |
| Personal name | Darío, Rubén, |
| Dates associated with a name | 1867-1916 |
| Relator term | autor |
| Relationship | aut |
| 245 10 - TITLE STATEMENT | |
| Title | Antologia / |
| Statement of responsibility, etc. | Rubén Darío ; prólogo de Octavio Paz ; edición de Carmen Ruiz Barrionuevo. |
| 250 ## - EDITION STATEMENT | |
| Edition statement | 1a ed. |
| 260 ## - PUBLICATION, DISTRIBUTION, ETC. | |
| Place of publication, distribution, etc. | Buenos Aires : |
| Name of publisher, distributor, etc. | Espasa-Calpe, |
| Date of publication, distribution, etc. | 1993. |
| 300 ## - PHYSICAL DESCRIPTION | |
| Extent | 236 p. : |
| Other physical details | retr. ; |
| Dimensions | 17 cm. |
| 490 0# - SERIES STATEMENT | |
| Series statement | Colección Austral. Biblioteca de Literatura Hispanoamericana / director Ricardo Iberlucía |
| 504 ## - BIBLIOGRAPHY, ETC. NOTE | |
| Bibliography, etc. note | Incluye notas: p. [203]- 233. |
| 504 ## - BIBLIOGRAPHY, ETC. NOTE | |
| Bibliography, etc. note | Bibliografía: p. [234]-235. |
| 600 14 - SUBJECT ADDED ENTRY--PERSONAL NAME | |
| Personal name | Darío, Rubén, |
| Dates associated with a name | 1867-1916 |
| General subdivision | Crítica e interpretación |
| 650 #4 - SUBJECT ADDED ENTRY--TOPICAL TERM | |
| Topical term or geographic name entry element | Literatura nicaragüense |
| 655 #4 - INDEX TERM--GENRE/FORM | |
| Genre/form data or focus term | Poesía |
| 700 1# - ADDED ENTRY--PERSONAL NAME | |
| Personal name | Paz, Octavio, |
| Dates associated with a name | 1914-1998 |
| Title of a work | El caracol y la sirena |
| Relator term | prologuista |
| Relationship | aui |
| 700 1# - ADDED ENTRY--PERSONAL NAME | |
| Personal name | Ruiz Barrionuevo, Carmen |
| Relator term | edit. |
| 942 ## - ADDED ENTRY ELEMENTS (KOHA) | |
| Source of classification or shelving scheme | Universal Decimal Classification |
| Koha item type | Libro de préstamo a domicilio |
| Suppress in OPAC | No |
| Withdrawn status | Lost status | Source of classification or shelving scheme | Damaged status | Not for loan | Collection | Home library | Current library | Date acquired | Source of acquisition | Total checkouts | Full call number | Barcode | Date last seen | Price effective from | Koha item type |
|---|---|---|---|---|---|---|---|---|---|---|---|---|---|---|---|
| Universal Decimal Classification | Colección General | Biblioteca Escuela de Ciencias Sociales | Biblioteca Escuela de Ciencias Sociales | 17/12/2025 | Donación 2023 | 82-1(728.5) D218 | 000244 | 17/12/2025 | 17/12/2025 | Libro de préstamo a domicilio |